[Event "Hervest-Dorstener SK 1 - SC Listiger Ba"]
[Site "Verbandsklasse, Gruppe 3 2017"]
[Date "2017.11.05"]
[Round "3.4"]
[White "Nowok, Frank"]
[Black "Mandl, Stefan"]
[Result "0-1"]
[WhiteElo "1875"]
[BlackElo "1904"]
[PlyCount "80"]
[EventDate "2017.??.??"]

1. e4 c5 2. Nc3 a6 3. f4 e6 4. Nf3 d5 5. Qe2 Nf6 6. d3 Nc6 7. g3 Be7 8. Bg2 O-O
9. O-O Bd7 10. Nd1 Rc8 11. Nf2 Qc7 12. c3 b5 13. a3 Na5 14. Be3 dxe4 15. dxe4
Nc4 16. b3 Nxe3 17. Qxe3 c4 18. b4 Bc6 19. Rad1 Rfd8 20. Nd4 Bb7 21. f5 e5 22.
Nf3 Rd7 23. Rxd7 Nxd7 24. Ng4 f6 25. Rd1 Rd8 26. Qe2 Nb6 27. Nf2 Na4 28. Rc1
Qd7 29. Qc2 Bc6 30. Qe2 Qd6 31. Qc2 Rd7 32. Bf1 Bd8 33. Kg2 Bb6 34. Qe2 Qc7 35.
Nd1 Qd8 36. Nf2 Rd6 37. Qc2 Bxf2 38. Kxf2 Qb6+ 39. Kg2 Qe3 40. Qe2 Qxc1 0-1

[Event "Hervest-Dorstener SK 1 - SC Listiger Ba"]
[Site "Verbandsklasse, Gruppe 3 2017"]
[Date "2017.11.05"]
[Round "3.5"]
[White "Petri, Norbert"]
[Black "Hater, Norbert"]
[Result "1-0"]
[WhiteElo "1870"]
[BlackElo "1879"]
[PlyCount "73"]
[EventDate "2017.??.??"]

1. c4 g6 2. Nc3 Bg7 3. g3 c6 4. e4 d6 5. d4 Nf6 6. Bg2 O-O 7. Nf3 Nbd7 8. O-O
e5 9. h3 Re8 10. Re1 Qb6 11. dxe5 dxe5 12. b3 Qc7 13. Bb2 Nf8 14. Rc1 Be6 15.
Nd5 cxd5 16. cxd5 Qb6 17. dxe6 Nxe6 18. Nxe5 Rad8 19. Nd3 Nc5 20. Rxc5 Rxd3 21.
Qxd3 Qxc5 22. Bd4 Qc7 23. Qc3 Qe7 24. f4 Rd8 25. e5 Nh5 26. Kh2 Bf8 27. Rc1 b6
28. Be3 Qa3 29. Rc2 Bb4 30. Qc4 Qa5 31. e6 fxe6 32. Qxe6+ Kh8 33. Rc7 Bf8 34.
g4 Ng7 35. Qf6 Re8 36. Bd4 Qd2 37. Rxg7 1-0

[Event "Hervest-Dorstener SK 1 - SC Listiger Ba"]
[Site "Verbandsklasse, Gruppe 3 2017"]
[Date "2017.11.05"]
[Round "3.6"]
[White "Heiming, Thomas"]
[Black "Jondral, Luis"]
[Result "1/2-1/2"]
[WhiteElo "1813"]
[BlackElo "1629"]
[PlyCount "48"]
[EventDate "2017.??.??"]

1. e4 c5 2. Nf3 d6 3. d4 cxd4 4. Nxd4 Nf6 5. Nc3 a6 6. Be2 e6 7. O-O Be7 8. Be3
Qc7 9. h3 O-O 10. f4 b5 11. Bf3 Bb7 12. e5 dxe5 13. Bxb7 Qxb7 14. fxe5 Nfd7 15.
Nf3 Nc6 16. Bf4 Bc5+ 17. Kh1 Rad8 18. Qe1 Nb4 19. Qg3 Rfe8 20. Ng5 Nf8 21. Nce4
Be7 22. Nxf7 Qxe4 23. Nh6+ Kh8 24. Nf7+ Kg8 1/2-1/2

[Event "Hervest-Dorstener SK 1 - SC Listiger Ba"]
[Site "Verbandsklasse, Gruppe 3 2017"]
[Date "2017.11.05"]
[Round "3.7"]
[White "Reich, Andreas"]
[Black "Kudsin, Alexander"]
[Result "0-1"]
[WhiteElo "1835"]
[BlackElo "1819"]
[PlyCount "98"]
[EventDate "2017.??.??"]

1. c4 c5 2. Nf3 e6 3. g3 Nf6 4. Nc3 Be7 5. Bg2 Nc6 6. O-O d6 7. d4 cxd4 8. Nxd4
Bd7 9. Rb1 Nxd4 10. Qxd4 Bc6 11. Rd1 Bxg2 12. Kxg2 a6 13. Bg5 Rc8 14. e4 Rc6
15. b3 O-O 16. a4 h6 17. Bd2 Nd7 18. Na2 Bf6 19. Qe3 a5 20. Bc3 e5 21. Qe1 Ra6
22. Rd5 Nc5 23. Nc1 Qc7 24. Nd3 b6 25. f3 Ne6 26. Nf2 Be7 27. Bd2 Raa8 28. Be3
Rab8 29. Nd1 Qc6 30. Nc3 f5 31. Nb5 fxe4 32. fxe4 Rf6 33. Rb2 Rg6 34. Rf2 Rf8
35. Rxf8+ Bxf8 36. Qd2 Kh7 37. Kf1 Nc7 38. Nxc7 Qxc7 39. Rb5 Qf7+ 40. Kg2 Rg4
41. Qf2 Qg6 42. Qf5 Rxe4 43. Qxg6+ Kxg6 44. Kf3 Kf5 45. h3 h5 46. Rxb6 d5 47.
cxd5 Rxe3+ 48. Kg2 Rd3 49. Rb5 Bb4 0-1

[Event "Hervest-Dorstener SK 1 - SC Listiger Ba"]
[Site "Verbandsklasse, Gruppe 3 2017"]
[Date "2017.11.05"]
[Round "3.8"]
[White "Schmidt, Christian"]
[Black "Scholtes, Martin"]
[Result "1/2-1/2"]
[WhiteElo "1725"]
[BlackElo "1819"]
[PlyCount "40"]
[EventDate "2017.??.??"]

1. Nf3 Nf6 2. c4 g6 3. b4 Bg7 4. Bb2 O-O 5. g3 c6 6. Bg2 Qb6 7. Qb3 a5 8. a3
axb4 9. axb4 Rxa1 10. Bxa1 Na6 11. b5 Nc7 12. Na3 Ne4 13. O-O Bxa1 14. Rxa1
Qxf2+ 15. Kh1 Qb6 16. e3 Ne6 17. d4 Nf6 18. c5 Qd8 19. Ne5 d6 20. Nd3 dxc5
1/2-1/2

[Event "SG Winz-Baak 1 - SV Unser Fritz 1"]
[Site "Verbandsklasse, Gruppe 3 2017"]
[Date "2017.11.05"]
[Round "3.1"]
[White "Rutz, Dirk"]
[Black "Schwake, Peter"]
[Result "1-0"]
[WhiteElo "1974"]
[BlackElo "1883"]
[PlyCount "83"]
[EventDate "2017.??.??"]

1. c4 e5 2. Nc3 Nf6 3. g3 c6 4. Bg2 Be7 5. d4 d6 6. dxe5 dxe5 7. Qxd8+ Bxd8 8.
Nf3 Nbd7 9. O-O O-O 10. b4 Bc7 11. Nd2 Rd8 12. b5 Ba5 13. Nce4 cxb5 14. cxb5
Nxe4 15. Nxe4 f5 16. Nd6 Nf6 17. Nxb7 Bxb7 18. Bxb7 Rab8 19. Bc6 Nd5 20. Bg5
Nf6 21. Rfd1 Kf7 22. a4 Bb6 23. a5 Rxd1+ 24. Rxd1 Bxa5 25. Bxf6 Kxf6 26. Rd6+
Ke7 27. Rd7+ Kf6 28. Rxa7 Bb6 29. Ra6 h6 30. Kg2 g5 31. f3 f4 32. Kh3 h5 33.
Be8 h4 34. gxh4 gxh4 35. Kxh4 Ke7 36. Bc6 Bd4 37. Ra8 Rxa8 38. Bxa8 Kf6 39. Kg4
Kg6 40. Be4+ Kh6 41. Kf5 Kh5 42. Ke6 1-0

[Event "SG Winz-Baak 1 - SV Unser Fritz 1"]
[Site "Verbandsklasse, Gruppe 3 2017"]
[Date "2017.11.05"]
[Round "3.2"]
[White "Kotzem, Ernst"]
[Black "Singbeil, Holger"]
[Result "0-1"]
[WhiteElo "1802"]
[BlackElo "1985"]
[Annotator "Daniel"]
[PlyCount "120"]
[EventDate "2017.??.??"]

1. e4 c5 2. Nf3 Nc6 3. Bb5 e6 4. O-O a6 5. Bxc6 dxc6 6. e5 Ne7 7. d3 Nd5 8. a3
Be7 9. c4 Nb6 10. Nc3 O-O 11. Be3 Nd7 12. Ne4 Qc7 13. d4 cxd4 14. Bxd4 c5 15.
Bc3 Rd8 16. Qc2 Nf8 17. Rad1 Bd7 18. Qe2 Bc6 19. Nfd2 b5 20. b3 b4 21. axb4
cxb4 22. Bb2 Rd7 23. f4 Rad8 24. Rde1 Rd3 25. Rf3 Qd7 26. Rxd3 Qxd3 27. Qxd3
Rxd3 28. Bc1 Nd7 29. Kf1 Bxe4 30. Rxe4 Nc5 31. Ke2 Rxb3 32. Nxb3 Nxe4 33. Be3
Kf8 34. Kd3 Nc3 35. c5 Nd5 36. Bd2 a5 37. Nxa5 Bxc5 38. Kc4 Bg1 39. Nc6 Bxh2
40. f5 Ke8 41. g4 Kd7 42. fxe6+ fxe6 43. Nxb4 Nxb4 44. Bxb4 Bxe5 45. Kd3 Bf6
46. Ke4 g6 47. Bd2 g5 48. Be1 Ke8 49. Bg3 Kf7 50. Bd6 Kg6 51. Kf3 h5 52. Bc7
hxg4+ 53. Kxg4 Bd4 54. Bd8 Be3 55. Be7 e5 56. Bd6 Kf6 57. Bc7 e4 58. Bd8+ Kg6
59. Be7 Bf4 60. Bd8 e3 {Rest nicht leserlich!} 0-1

[Event "SG Winz-Baak 1 - SV Unser Fritz 1"]
[Site "Verbandsklasse, Gruppe 3 2017"]
[Date "2017.11.05"]
[Round "3.3"]
[White "Mikulski, Georg"]
[Black "Boetzel, Martin"]
[Result "1-0"]
[WhiteElo "1908"]
[BlackElo "1758"]
[PlyCount "41"]
[EventDate "2017.??.??"]

1. e4 e6 2. d4 d5 3. Nc3 Bb4 4. e5 c5 5. a3 cxd4 6. axb4 dxc3 7. bxc3 Qc7 8.
Nf3 Ne7 9. Bd3 Ng6 10. O-O Nxe5 11. Bf4 Nxf3+ 12. Qxf3 Qe7 13. Qg3 Nd7 14. Qxg7
Qf6 15. Qg3 Qxc3 16. Bd6 h5 17. Rfe1 Qf6 18. h4 e5 19. Rxe5+ Nxe5 20. Bxe5 Qh6
21. Bg7 1-0

[Event "SG Winz-Baak 1 - SV Unser Fritz 1"]
[Site "Verbandsklasse, Gruppe 3 2017"]
[Date "2017.11.05"]
[Round "3.4"]
[White "Kraus, Torsten"]
[Black "Goessling, Juergen"]
[Result "0-1"]
[WhiteElo "1756"]
[BlackElo "1749"]
[PlyCount "58"]
[EventDate "2017.??.??"]

1. d4 c5 2. d5 g6 3. Nc3 Bg7 4. Nf3 f5 5. e4 Bxc3+ 6. bxc3 fxe4 7. Ng5 Nf6 8.
Bc4 Qa5 9. Bd2 b5 10. Be2 c4 11. f3 O-O 12. Nxe4 Nxe4 13. fxe4 d6 14. Bg4 Na6
15. Bxc8 Raxc8 16. Qg4 Nc5 17. h4 Qd8 18. h5 Qe8 19. Ke2 e6 20. hxg6 Qxg6 21.
Qxg6+ hxg6 22. dxe6 Rfe8 23. Rh6 Rxe6 24. Rah1 Rce8 25. Rh8+ Kf7 26. R8h7+ Kf6
27. Rf1+ Ke5 28. Rxa7 Nxe4 29. Rd7 Ng3+ 0-1

[Event "SG Winz-Baak 1 - SV Unser Fritz 1"]
[Site "Verbandsklasse, Gruppe 3 2017"]
[Date "2017.11.05"]
[Round "3.5"]
[White "Tober, Julian"]
[Black "Groß, Michael"]
[Result "1-0"]
[WhiteElo "1792"]
[BlackElo "1698"]
[PlyCount "43"]
[EventDate "2017.??.??"]

1. e4 e5 2. Nf3 Nc6 3. d4 exd4 4. Bc4 Nf6 5. e5 d5 6. Bb5 Ne4 7. Nxd4 Bd7 8.
Bxc6 bxc6 9. O-O Be7 10. f4 O-O 11. Kh1 Bh4 12. Be3 c5 13. Nf3 d4 14. Nbd2 Nxd2
15. Bxd2 Bb5 16. Nxh4 Bxf1 17. Nf5 Bb5 18. Qg4 g6 19. Nh6+ Kh8 20. f5 Bd7 21.
Bg5 Bxf5 22. Bxd8 1-0

[Event "SG Winz-Baak 1 - SV Unser Fritz 1"]
[Site "Verbandsklasse, Gruppe 3 2017"]
[Date "2017.11.05"]
[Round "3.6"]
[White "Wesener, Rainer"]
[Black "Kiwitz, Henri"]
[Result "1-0"]
[WhiteElo "1686"]
[BlackElo "1731"]
[PlyCount "47"]
[EventDate "2017.??.??"]

1. d4 e6 2. Bf4 f5 3. Nf3 Nf6 4. Nc3 b6 5. e3 Bb7 6. h3 Be7 7. Bd3 O-O 8. Qe2
h6 9. O-O-O Ne4 10. Bxe4 fxe4 11. Ne5 Bb4 12. Nb1 Nc6 13. Qg4 Nxe5 14. dxe5 Kh7
15. h4 a5 16. h5 Bc6 17. Qg6+ Kh8 18. Bxh6 gxh6 19. Qxh6+ Kg8 20. Qg6+ Kh8 21.
Rh3 Qe8 22. Qh6+ Kg8 23. Rg3+ Kf7 24. Qg7# 1-0

[Event "SG Winz-Baak 1 - SV Unser Fritz 1"]
[Site "Verbandsklasse, Gruppe 3 2017"]
[Date "2017.11.05"]
[Round "3.7"]
[White "Elsner, Mario"]
[Black "Franke, Wolfgang"]
[Result "0-1"]
[WhiteElo "1808"]
[BlackElo "1784"]
[PlyCount "56"]
[EventDate "2017.??.??"]

1. g3 e5 2. Nf3 e4 3. Nh4 g5 4. Ng2 d5 5. d3 f5 6. dxe4 fxe4 7. c4 Bb4+ 8. Bd2
Qe7 9. Qa4+ Nc6 10. cxd5 Bxd2+ 11. Nxd2 Qb4 12. Qc2 Nd4 13. Qxe4+ Ne7 14. e3 c5
15. exd4 Bf5 16. Qe2 O-O-O 17. O-O-O Kb8 18. Ne3 Bg6 19. a3 Qxd4 20. Nc2 Qxd5
21. Bh3 Nc6 22. Ne3 Qa2 23. Bf5 Nd4 24. Qg4 Nxf5 25. Nxf5 Rhf8 26. Nb1 Rxd1+
27. Rxd1 Bxf5 28. Rd8+ Kc7 0-1

[Event "SG Winz-Baak 1 - SV Unser Fritz 1"]
[Site "Verbandsklasse, Gruppe 3 2017"]
[Date "2017.11.05"]
[Round "3.8"]
[White "Haupt, Horst-Peter"]
[Black "Dlouhy, Peter"]
[Result "1/2-1/2"]
[WhiteElo "1656"]
[BlackElo "1873"]
[PlyCount "62"]
[EventDate "2017.??.??"]

1. e4 d6 2. d4 Nf6 3. Nc3 g6 4. Bc4 c6 5. Nf3 b5 6. Bd3 b4 7. Ne2 Bg7 8. a3
bxa3 9. Rxa3 O-O 10. h3 Nbd7 11. O-O c5 12. Be3 Bb7 13. Nd2 cxd4 14. Bxd4 Nc5
15. Bxc5 dxc5 16. Qa1 Qc7 17. Nc3 Qf4 18. Rd1 a6 19. Ne2 Qc7 20. Ng3 Nd7 21. c3
Be5 22. Ngf1 Nf6 23. Re1 Qc6 24. Nc4 Bc7 25. Na5 Bxa5 26. Rxa5 Rfd8 27. Bc2 Nh5
28. Qc1 Qc7 29. Ra1 Rd7 30. Qe3 Rad8 31. e5 e6 1/2-1/2

[Event "SC Lünen Horstmar 1 - SC Buer-Hassel 1"]
[Site "Verbandsklasse, Gruppe 3 2017"]
[Date "2017.11.05"]
[Round "3.1"]
[White "Griebl, Joern"]
[Black "Bauch, Olaf"]
[Result "1-0"]
[WhiteElo "2195"]
[BlackElo "1897"]
[PlyCount "57"]
[EventDate "2017.??.??"]

1. c4 e5 2. Nc3 Nc6 3. g3 g6 4. Bg2 Bg7 5. d3 Nge7 6. h4 h6 7. Bd2 d6 8. Qc1
Bg4 9. Rb1 Qd7 10. b4 Be6 11. b5 Nd8 12. e4 c6 13. Nge2 d5 14. cxd5 cxd5 15.
Qa3 O-O 16. Na4 Rc8 17. Nc5 Qc7 18. Bb4 Re8 19. Nxe6 Nxe6 20. exd5 Nd4 21. Nxd4
exd4 22. O-O Qd7 23. d6 Nf5 24. Qxa7 Qxb5 25. Qxb7 Qxb7 26. Bxb7 Rcd8 27. d7
Re2 28. Bc8 Ne7 29. Rfe1 1-0

[Event "SC Lünen Horstmar 1 - SC Buer-Hassel 1"]
[Site "Verbandsklasse, Gruppe 3 2017"]
[Date "2017.11.05"]
[Round "3.2"]
[White "Seref, Serkan"]
[Black "Bossy, Arnim"]
[Result "0-1"]
[WhiteElo "1833"]
[BlackElo "2145"]
[PlyCount "108"]
[EventDate "2017.??.??"]

1. e4 d5 2. exd5 Nf6 3. d4 Bg4 4. Be2 Bxe2 5. Nxe2 Qxd5 6. O-O Nc6 7. c3 e5 8.
dxe5 Nxe5 9. Qa4+ b5 10. Qc2 Bd6 11. Bf4 O-O 12. Rd1 Qc5 13. h3 Rfe8 14. Be3
Qc6 15. Nd4 Qb7 16. Nf5 Bf8 17. Bf4 Ng6 18. Bh2 Nd5 19. Nd2 Ndf4 20. Nf3 Nxh3+
21. Kf1 Nhf4 22. Rd2 Rad8 23. Rad1 Rxd2 24. Rxd2 Qb6 25. Bxf4 Nxf4 26. Ne3 Qh6
27. Kg1 Bc5 28. Nf1 Qh5 29. Ng3 Qg4 30. Qf5 Qxf5 31. Nxf5 g6 32. N5d4 a6 33.
Kf1 Bd6 34. Ne2 Nxe2 35. Rxe2 Rxe2 36. Kxe2 c5 37. Ng5 f6 38. Ne4 Be7 39. b3
Kf7 40. c4 b4 41. Kd3 Ke6 42. Nd2 f5 43. Nf1 Bd6 44. Ne3 g5 45. Nc2 h5 46. Ne1
h4 47. Ke3 g4 48. Nd3 Kf6 49. Ne1 h3 50. gxh3 gxh3 51. Kf3 f4 52. Nd3 Kf5 53.
Nc1 Ke5 54. Ne2 h2 0-1

[Event "SC Lünen Horstmar 1 - SC Buer-Hassel 1"]
[Site "Verbandsklasse, Gruppe 3 2017"]
[Date "2017.11.05"]
[Round "3.3"]
[White "Wolff, Christoph"]
[Black "Titschert, Julian"]
[Result "1/2-1/2"]
[WhiteElo "1963"]
[BlackElo "1812"]
[Annotator "Daniel"]
[PlyCount "82"]
[EventDate "2017.??.??"]

1. e4 Nc6 2. Nc3 e5 3. g3 Nf6 4. Bg2 Bc5 5. Nge2 a6 6. O-O d6 7. h3 h5 8. Nd5
Nxd5 9. exd5 Nd4 10. c3 Nxe2+ 11. Qxe2 Kf8 12. d3 h4 13. g4 g5 14. Be3 Ba7 15.
Rad1 Qe7 16. Qd2 f6 17. Rfe1 Bxe3 18. fxe3 Kg7 19. Rf1 Bd7 20. Rf2 Raf8 21. Be4
Rh6 $11 22. Rdf1 Rf7 23. Qc2 Bc8 24. b4 Bd7 25. c4 Rf8 26. c5 Rb8 27. Bf5 Bxf5
28. Rxf5 Rd8 29. e4 Rc8 30. Qc4 Rhh8 31. d4 Rhf8 32. dxe5 fxe5 33. c6 b5 34.
Qc1 Rxf5 35. Rxf5 Kg6 36. Qf1 Ra8 37. Qf2 Kg7 38. a3 Kg6 39. Kg2 a5 40. bxa5
Rxa5 41. Rf8 Kg7 1/2-1/2

[Event "SC Lünen Horstmar 1 - SC Buer-Hassel 1"]
[Site "Verbandsklasse, Gruppe 3 2017"]
[Date "2017.11.05"]
[Round "3.4"]
[White "Seref, Okan"]
[Black "Wiechen, Ulrich"]
[Result "0-1"]
[WhiteElo "1729"]
[BlackElo "1934"]
[PlyCount "64"]
[EventDate "2017.??.??"]

1. e4 e6 2. d4 d5 3. exd5 exd5 4. c4 Nf6 5. Nc3 c6 6. Nf3 Bd6 7. Bd3 dxc4 8.
Bxc4 O-O 9. O-O Bg4 10. h3 Bh5 11. Re1 Re8 12. Be3 Nbd7 13. Qb3 b5 14. Be2 a5
15. g4 Bg6 16. d5 Rxe3 17. fxe3 b4 18. Na4 Nxd5 19. Bc4 Be4 20. Nd2 Qe7 21.
Nxe4 Qxe4 22. Qd3 Qe5 23. Bxd5 cxd5 24. Re2 Re8 25. Rg2 Qg5 26. Re1 Nf6 27. Qf5
Qh4 28. Rf1 Rxe3 29. Rf3 g6 30. Qc8+ Re8 31. Qc6 Re1+ 32. Rf1 Bf4 0-1

[Event "SC Lünen Horstmar 1 - SC Buer-Hassel 1"]
[Site "Verbandsklasse, Gruppe 3 2017"]
[Date "2017.11.05"]
[Round "3.5"]
[White "Wingerning, Gerd"]
[Black "Atasoy, Tarik"]
[Result "1-0"]
[WhiteElo "1757"]
[BlackElo "1753"]
[PlyCount "77"]
[EventDate "2017.??.??"]

1. e4 c5 2. c3 Nf6 3. e5 Nd5 4. d4 cxd4 5. cxd4 Nc6 6. Bc4 Nb6 7. Bb3 d6 8. Nf3
dxe5 9. dxe5 Qxd1+ 10. Bxd1 Nc4 11. Ba4 Bd7 12. Bxc6 Bxc6 13. Nbd2 Nxd2 14.
Bxd2 e6 15. O-O Be7 16. Nd4 Bd5 17. Rfc1 a6 18. b4 O-O 19. a4 Rac8 20. b5 Rc4
21. Rxc4 Bxc4 22. Rc1 axb5 23. axb5 Bd5 24. h3 Ra8 25. Be3 Bd8 26. Ne2 Kf8 27.
Nc3 Bc4 28. Bc5+ Ke8 29. Ne4 Bd5 30. Nd6+ Kd7 31. Nxf7 Ba5 32. Be3 h6 33. Nd6
Bb4 34. Nc4 Ke7 35. Nb6 Rd8 36. Rc7+ Kf8 37. Nd7+ Ke8 38. Nc5 Kf8 39. Nxb7 1-0

[Event "SC Lünen Horstmar 1 - SC Buer-Hassel 1"]
[Site "Verbandsklasse, Gruppe 3 2017"]
[Date "2017.11.05"]
[Round "3.6"]
[White "Akcapinar, Yavuz"]
[Black "Strohmann, Andreas"]
[Result "1-0"]
[WhiteElo "1740"]
[BlackElo "1822"]
[PlyCount "65"]
[EventDate "2017.??.??"]

1. e4 d5 2. exd5 Nf6 3. d4 Nxd5 4. Nf3 Bg4 5. c4 Nb6 6. c5 Bxf3 7. Qxf3 Nd5 8.
Bc4 c6 9. O-O e6 10. Nc3 Nxc3 11. bxc3 Be7 12. Re1 O-O 13. Rb1 b6 14. cxb6 axb6
15. Bf4 b5 16. Bxb5 Rxa2 17. Bxc6 Nxc6 18. Qxc6 Qa5 19. c4 Bf6 20. Red1 Qf5 21.
Be3 h6 22. d5 Bg5 23. Bc5 Rd8 24. d6 Rc2 25. Bb6 Rf8 26. d7 Rd2 27. Qb5 Qc2 28.
Rxd2 Qxd2 29. Ba5 Qa2 30. Bc7 Kh7 31. c5 Qd2 32. c6 Ra8 33. Bb6 1-0

[Event "SC Lünen Horstmar 1 - SC Buer-Hassel 1"]
[Site "Verbandsklasse, Gruppe 3 2017"]
[Date "2017.11.05"]
[Round "3.7"]
[White "Lazarev, Vadim"]
[Black "Hagedorn, Dirk"]
[Result "1-0"]
[WhiteElo "1753"]
[BlackElo "1764"]
[PlyCount "37"]
[EventDate "2017.??.??"]

1. e4 d6 2. d4 Nf6 3. Bd3 c6 4. f4 Bg4 5. Nf3 Nbd7 6. e5 dxe5 7. fxe5 Nd5 8. c4
Nc7 9. O-O e6 10. Qb3 Bxf3 11. Rxf3 Rb8 12. Nc3 Qh4 13. Be3 f5 14. exf6 Nxf6
15. Rh3 Qg4 16. Rf1 Bd6 17. c5 Be7 18. Rf4 Qg5 19. Rfh4 1-0

[Event "SG Mengede 1 - SV Bochum-Linden 1"]
[Site "Verbandsklasse, Gruppe 3 2017"]
[Date "2017.11.05"]
[Round "3.1"]
[White "Hahn, Matthias"]
[Black "Borgschulze, Maik"]
[Result "1/2-1/2"]
[WhiteElo "2065"]
[BlackElo "2144"]
[PlyCount "29"]
[EventDate "2017.??.??"]

1. d4 Nf6 2. Nf3 g6 3. Nbd2 Bg7 4. e4 d6 5. Bd3 O-O 6. O-O c5 7. c3 cxd4 8.
cxd4 Nc6 9. h3 Nh5 10. Nb3 e5 11. dxe5 dxe5 12. Bg5 Bf6 13. Bh6 Bg7 14. Bg5 Bf6
15. Bh6 1/2-1/2

[Event "SG Mengede 1 - SV Bochum-Linden 1"]
[Site "Verbandsklasse, Gruppe 3 2017"]
[Date "2017.11.05"]
[Round "3.2"]
[White "Delvos, Thorsten"]
[Black "Boehm, Ingo"]
[Result "0-1"]
[WhiteElo "1971"]
[BlackElo "2066"]
[PlyCount "52"]
[EventDate "2017.??.??"]

1. c4 e5 2. g3 Nc6 3. Bg2 d6 4. d3 g6 5. e4 Bg7 6. Ne2 f5 7. O-O Nf6 8. Nbc3
O-O 9. f4 Kh8 10. Rb1 Nd4 11. b4 c6 12. b5 Qc7 13. Ba3 Rd8 14. Qa4 Bd7 15. Rfc1
cxb5 16. cxb5 Nxe2+ 17. Nxe2 Qb6+ 18. Kh1 Ng4 19. h3 Nf2+ 20. Kh2 Nxd3 21. Rd1
fxe4 22. Qxe4 Nf2 23. Qxb7 Nxd1 24. Rxd1 Rab8 25. Qxb6 Rxb6 26. fxe5 Bxe5 0-1

[Event "SG Mengede 1 - SV Bochum-Linden 1"]
[Site "Verbandsklasse, Gruppe 3 2017"]
[Date "2017.11.05"]
[Round "3.3"]
[White "Schreck, Roland"]
[Black "Weinert, Christian"]
[Result "1/2-1/2"]
[WhiteElo "2111"]
[BlackElo "1959"]
[PlyCount "79"]
[EventDate "2017.??.??"]

1. e3 e5 2. b3 c5 3. Bb2 d6 4. c4 Nf6 5. Nc3 Bf5 6. d3 Be7 7. Be2 Qd7 8. Nf3 h6
9. h3 Nc6 10. Nd5 Be6 11. Nxe7 Qxe7 12. O-O Bf5 13. d4 e4 14. Ne1 O-O 15. d5
Ne5 16. f4 exf3 17. Nxf3 Ned7 18. Nh4 Qxe3+ 19. Kh2 Be4 20. Bg4 Rae8 21. Bxd7
Nxd7 22. Qg4 Ne5 23. Bxe5 Rxe5 24. Rae1 Qd3 25. Nf3 Bxf3 26. Rxf3 Qd4 27. Qxd4
cxd4 28. Rd1 Re2 29. Rxd4 b6 30. a3 Rfe8 31. Rdd3 R8e4 32. Rc3 f6 33. Kg3 Ra2
34. b4 Ree2 35. c5 bxc5 36. bxc5 dxc5 37. Rxc5 Rxg2+ 38. Kf4 Rad2 39. Kf5 Rge2
40. Kg6 1/2-1/2

[Event "SG Mengede 1 - SV Bochum-Linden 1"]
[Site "Verbandsklasse, Gruppe 3 2017"]
[Date "2017.11.05"]
[Round "3.4"]
[White "Bork, Sophie"]
[Black "Schaper, Steffen"]
[Result "1/2-1/2"]
[WhiteElo "1888"]
[BlackElo "1972"]
[PlyCount "89"]
[EventDate "2017.??.??"]

1. e4 c5 2. c3 d5 3. exd5 Qxd5 4. Nf3 Nc6 5. Na3 Bg4 6. Be2 e6 7. O-O Nf6 8. d4
cxd4 9. Nb5 Rc8 10. Nbxd4 Nxd4 11. Nxd4 Bxe2 12. Qxe2 a6 13. Be3 Be7 14. Rfd1
O-O 15. Nf3 Qa5 16. Bd4 Rfd8 17. Ne5 Qc7 18. Rd3 Bc5 19. Rad1 Bxd4 20. Rxd4
Rxd4 21. Rxd4 Rd8 22. Qd1 Rxd4 23. Qxd4 h6 24. h3 Nd5 25. a3 Qb6 26. Qd2 Qc7
27. Nd3 Qc4 28. Kh2 Qc7+ 29. Kg1 Qc4 30. Qe2 Nf6 31. Qf3 Qb5 32. b4 Qc4 33. Nc5
b6 34. Qa8+ Kh7 35. Qxa6 b5 36. a4 Qxc3 37. Qxb5 Qe1+ 38. Qf1 Qxb4 39. Qc1 Nd5
40. Qc2+ g6 41. Na6 Qa5 42. Qc4 Qe1+ 43. Qf1 Qa5 44. Qb5 Qe1+ 45. Qf1 1/2-1/2

[Event "SG Mengede 1 - SV Bochum-Linden 1"]
[Site "Verbandsklasse, Gruppe 3 2017"]
[Date "2017.11.05"]
[Round "3.5"]
[White "Schmidt, Ralph"]
[Black "Malstaedt, Frank"]
[Result "1-0"]
[WhiteElo "1912"]
[BlackElo "1776"]
[PlyCount "105"]
[EventDate "2017.??.??"]

1. e4 g6 2. d4 Bg7 3. Be3 d6 4. Be2 b6 5. Nc3 Bb7 6. f4 Nd7 7. Bf3 e6 8. Nh3
Ne7 9. O-O O-O 10. Qe1 h6 11. Rd1 Ba6 12. Ne2 Rc8 13. Qd2 Kh7 14. Kh1 d5 15. e5
Nf5 16. Bf2 c5 17. c3 cxd4 18. cxd4 Nh4 19. Bg4 Kh8 20. Qe1 Nf5 21. Bf3 Rc2 22.
g4 Ne7 23. Rd2 Qc7 24. Rg1 b5 25. Nc3 Rxd2 26. Qxd2 Nb6 27. Qd1 Rc8 28. Bh4 Ng8
29. g5 Nc4 30. gxh6 Nxh6 31. Qe2 Qa5 32. Ng5 Nxb2 33. Nxd5 exd5 34. Qxb2 Bb7
35. Qg2 Qb6 36. Bxd5 Bxd5 37. Qxd5 Qc6 38. Qxc6 Rxc6 39. Rd1 Nf5 40. Nxf7+ Kg8
41. Nd8 Rc8 42. Bg5 Ne3 43. Re1 Nd5 44. Ne6 Bh8 45. Rg1 Kf7 46. Nd8+ Ke8 47.
Nb7 Rc2 48. Nd6+ Kd7 49. Nxb5 Rxa2 50. Bh6 Ne3 51. h4 a6 52. Nd6 a5 53. Nf7 1-0

[Event "SG Mengede 1 - SV Bochum-Linden 1"]
[Site "Verbandsklasse, Gruppe 3 2017"]
[Date "2017.11.05"]
[Round "3.6"]
[White "Ewers, Christian"]
[Black "Marx, Henning"]
[Result "0-1"]
[WhiteElo "1764"]
[BlackElo "1955"]
[PlyCount "72"]
[EventDate "2017.??.??"]

1. e4 c6 2. d4 d5 3. e5 Bf5 4. Nc3 e6 5. g4 Bg6 6. Nge2 c5 7. h4 h6 8. h5 Bh7
9. Be3 Nc6 10. f4 Qa5 11. a3 cxd4 12. Nxd4 Nxd4 13. Bxd4 Ne7 14. b4 Qd8 15. Bd3
Bxd3 16. Qxd3 Nc6 17. Ne2 Rc8 18. Kf2 Be7 19. Kg3 Qc7 20. Be3 a6 21. c3 Nd8 22.
Bd4 Qc4 23. Qc2 Nc6 24. Rad1 a5 25. bxa5 Nxa5 26. f5 Nc6 27. fxe6 fxe6 28. Qg6+
Kd7 29. Nf4 Nxd4 30. cxd4 Rc6 31. Rc1 Qb3+ 32. Qd3 Qxd3+ 33. Nxd3 Rhc8 34. Rxc6
Rxc6 35. Rc1 Rxc1 36. Nxc1 Bxa3 0-1

[Event "SG Mengede 1 - SV Bochum-Linden 1"]
[Site "Verbandsklasse, Gruppe 3 2017"]
[Date "2017.11.05"]
[Round "3.7"]
[White "Hochstein, Udo"]
[Black "Wiktor, Reinhard"]
[Result "1-0"]
[WhiteElo "1876"]
[BlackElo "1702"]
[PlyCount "83"]
[EventDate "2017.??.??"]

1. d4 d5 2. c4 e6 3. Nc3 Nf6 4. cxd5 exd5 5. Bg5 c6 6. Qc2 h6 7. Bh4 Be7 8. e3
O-O 9. Bd3 Na6 10. a3 Qa5 11. Rc1 Re8 12. Nf3 Be6 13. O-O Qd8 14. Na4 Nc7 15.
h3 Nd7 16. Bxe7 Qxe7 17. Qb3 Rab8 18. Bb1 g6 19. Nc5 Nxc5 20. Rxc5 Qf6 21. Ne5
Na6 22. Rc3 c5 23. Qd1 Red8 24. f4 cxd4 25. exd4 Bf5 26. Qf3 Bxb1 27. Rxb1 Qf5
28. Rbc1 Qe4 29. Qf2 Kg7 30. b4 f6 31. Nf3 b5 32. Nh4 Re8 33. f5 g5 34. Ng6 Rb6
35. h4 Rd6 36. hxg5 hxg5 37. Rc6 Rxc6 38. Rxc6 Qb1+ 39. Kh2 Nb8 40. Rc7+ Kg8
41. Qf3 Qe4 42. Qh3 1-0

[Event "Dortmunder SV 1 - SV Königsspringer Ham"]
[Site "Regionalliga 2017/2018"]
[Date "2017.12.10"]
[Round "4.1"]
[White "Happel, Heiner"]
[Black "Ganzer, Uwe"]
[Result "1/2-1/2"]
[WhiteElo "2171"]
[BlackElo "2165"]
[PlyCount "51"]
[EventDate "2017.??.??"]

1. Nf3 Nf6 2. c4 c5 3. g3 b6 4. Bg2 Bb7 5. Nc3 e6 6. O-O Be7 7. d4 cxd4 8. Qxd4
d6 9. Rd1 a6 10. Ng5 Bxg2 11. Kxg2 Ra7 12. Nge4 O-O 13. b3 Nc6 14. Qd2 Qa8 15.
Nxf6+ Bxf6 16. Bb2 Rd8 17. e4 Rad7 18. Qe2 Nd4 19. Qd2 b5 20. cxb5 Nxb5 21. f3
d5 22. Nxb5 Bxb2 23. Qxb2 axb5 24. exd5 Rxd5 25. Rxd5 Rxd5 26. Rc1 1/2-1/2

[Event "Dortmunder SV 1 - SV Königsspringer Ham"]
[Site "Regionalliga 2017/2018"]
[Date "2017.12.10"]
[Round "4.2"]
[White "Wittmann, Rainer"]
[Black "Frombach, Ralf"]
[Result "0-1"]
[WhiteElo "1981"]
[BlackElo "2147"]
[PlyCount "90"]
[EventDate "2017.??.??"]

1. e4 e5 2. Nf3 Nf6 3. Nc3 Nc6 4. Nxe5 Nxe5 5. d4 Nc6 6. d5 Bb4 7. dxc6 Nxe4 8.
Qd4 Qe7 9. Be3 O-O 10. Bd3 Nxc3 11. bxc3 Ba5 12. cxd7 Bxd7 13. O-O Rfe8 14.
Rfe1 Bc6 15. Bd2 Qf8 16. Re5 Rxe5 17. Qxe5 Bb6 18. Qf4 Re8 19. h4 Re6 20. Qg3
Qe7 21. Qg5 Rf6 22. Be3 h6 23. Qg3 Bxe3 24. Qxe3 Qxe3 25. fxe3 Kf8 26. Rf1
Rxf1+ 27. Kxf1 Bd5 28. a3 Ke7 29. Kf2 Kd6 30. g3 Ke5 31. Ke2 f6 32. Kf2 Be4 33.
Ke2 Kd5 34. Kd2 Ke5 35. Ke2 Bc6 36. Kf2 Bd5 37. Ke2 Be4 38. Kd2 Kf5 39. Ke2 g5
40. hxg5 fxg5 41. Kf2 h5 42. Kg1 Bxd3 43. cxd3 b5 44. e4+ Ke5 45. Kf2 c5 0-1